Normal view
MARC view
Entry Personal Name
001 - CONTROL NUMBER
- control field: 16683
003 - CONTROL NUMBER IDENTIFIER
- control field: ARRUPE
005 - DATE AND TIME OF LATEST TRANSACTION
- control field: 20150327112545.0
008 - FIXED-LENGTH DATA ELEMENTS
- fixed length control field: 150327|| aca||aabn | a|a d
040 ## - CATALOGING SOURCE
- Original cataloging agency: ARRUPE
- Transcribing agency: ARRUPE
100 ## - HEADING--PERSONAL NAME
- Personal name: Bowman, J.(ed)
670 ## - SOURCE DATA FOUND
- Source citation: Work cat.: (ARRUPE): Bowman, J.(ed), Samaritan documents relating to thier history religion and life , 1977